000 00682 a2200193 4500
010 _aENG-85775
020 _a8125918310
_c275.00
035 _aEN-69308
082 1 4 _a331.8
090 _c3493
_d3493
100 1 _aSrivastava, S C.
245 1 _aIndustrial relations and labour laws
_cby S C Srivastava
250 _a5th ed.
260 _aNew Delhi.
_bVikas Publishing House,
_c2007.
270 _a576, Masjid Road, Jangpura
_bNew Delhi
_cDelhi
_e110 014
_k0120-4078900
_l0120-4078999 (Noida).
_mvikaspublishing.com
300 _axlix, 800p.
_c22cm (pbk)
942 _adpl
_cEN
_k331.8 / SRI
999 _c3426
_d3426